Reliability and resilience in the internet of things (Record no. 1429670)

MARC details
000 -LEADER
fixed length control field 00495nam a2200181Ia 4500
005 - DATE AND TIME OF LATEST TRANSACTION
control field 20250620120725.0
008 - FIXED-LENGTH DATA ELEMENTS--GENERAL INFORMATION
fixed length control field 008 250516s9999 xx 000 0 eng d
020 ## - INTERNATIONAL STANDARD BOOK NUMBER
International Standard Book Number 9780443156106
040 ## - CATALOGING SOURCE
Language of cataloging eng
Transcribing agency SDCL
041 ## - LANGUAGE CODE
Language code of text/sound track or separate title eng
Source of code eng
084 ## - COLON CLASSIFICATION NUMBER
Classification number D:81 R4
100 ## - MAIN ENTRY--PERSONAL NAME
Personal name Xing, Liudong
245 #0 - TITLE STATEMENT
Title Reliability and resilience in the internet of things
260 ## - PUBLICATION, DISTRIBUTION, ETC.
Place of publication, distribution, etc. London :
Name of publisher, distributor, etc. Elsevier,
Date of publication, distribution, etc. 2024.
300 ## - PHYSICAL DESCRIPTION
Extent xix, 353p.
650 ## - SUBJECT ADDED ENTRY--TOPICAL TERM
Topical term or geographic name entry element Computer Network
942 ## - ADDED ENTRY ELEMENTS (KOHA)
Koha item type Textual
Source of classification or shelving scheme Colon Classification (CC)
100 ## - MAIN ENTRY--PERSONAL NAME
-- 465315
650 ## - SUBJECT ADDED ENTRY--TOPICAL TERM
-- 554305
999 ## -
-- 1429670
-- 1429670
Holdings
Withdrawn status Lost status Source of classification or shelving scheme Damaged status Not for loan Home library Current library Date acquired Source of acquisition Inventory number Total checkouts Full call number Barcode Date last seen Price effective from Koha item type
    Colon Classification (CC)     South Campus Library South Campus Library 2025-05-22 Bright Book Service 2419, 02/01/2025   D:81 R4 SC1808712 2025-05-22 2025-05-22 Textual
Copyright @ Delhi University Library System